The use of African Journals by African Academics (Record no. 61109)
[ view plain ]
| 000 -LEADER | |
|---|---|
| fixed length control field | 00676nam a2200217 a 4500 |
| 003 - CONTROL NUMBER IDENTIFIER | |
| control field | CBULib |
| 005 - DATE AND TIME OF LATEST TRANSACTION | |
| control field | 20250507131812.0 |
| 008 - FIXED-LENGTH DATA ELEMENTS--GENERAL INFORMATION | |
| fixed length control field | 091204s2000 xx |||||||||||||| || u |
| 040 ## - CATALOGING SOURCE | |
| Original cataloging agency | CBULib |
| Language of cataloging | English |
| Transcribing agency | CBULib |
| Modifying agency | CBULib |
| Description conventions | rda |
| 050 ## - LIBRARY OF CONGRESS CALL NUMBER | |
| Classification number | PAPERS/STAFF |
| 100 ## - MAIN ENTRY--PERSONAL NAME | |
| Personal name | Chifwepa, V |
| 245 14 - TITLE STATEMENT | |
| Title | The use of African Journals by African Academics |
| 260 ## - PUBLICATION, DISTRIBUTION, ETC. (IMPRINT) | |
| Name of publisher, distributor, etc | African Publishing Review |
| Date of publication, distribution, etc | 2000 |
| Place of publication, distribution, etc | Addis Ababa |
| 300 ## - PHYSICAL DESCRIPTION | |
| Extent | 6p. |
| 336 ## - CONTENT TYPE | |
| Source | rdacontent |
| Content type term | Text | |
| Content type code | txt |
| 337 ## - MEDIA TYPE | |
| Source | rdamedia |
| Media type term | Unmediated | |
| Media type code | n |
| 338 ## - CARRIER TYPE | |
| Source | rdacarrier |
| Carrier type term | Volume |
| Carrier type code | nc |
| 650 #0 - SUBJECT ADDED ENTRY--TOPICAL TERM | |
| Topical term or geographic name as entry element | ACADEMIC--JOURNAL |
| 9 (RLIN) | 4523 |
| 942 ## - ADDED ENTRY ELEMENTS (KOHA) | |
| Source of classification or shelving scheme | |
| Koha item type | ZAMBIANA COLLECTION |
| Withdrawn status | Lost status | Source of classification or shelving scheme | Damaged status | Not for loan | Collection code | Permanent Location | Current Location | Shelving location | Date acquired | Full call number | Barcode | Date last seen | Price effective from | Koha item type |
|---|---|---|---|---|---|---|---|---|---|---|---|---|---|---|
| Special Collections | CBU-MAIN LIBRARY, KITWE. | CBU-MAIN LIBRARY, KITWE. | Special Collections | 11/30/2022 | PAPERS/STAFF | 03004981 | 11/30/2022 | 11/30/2022 | ZAMBIANA COLLECTION |